| 000 | 00513nam a2200181Ia 4500 | ||
|---|---|---|---|
| 005 | 20250326130348.0 | ||
| 008 | 250326s9999 xx 000 0 und d | ||
| 037 | _aTextbook | ||
| 040 |
_aFMSL _beng _cFMSL |
||
| 041 |
_aeng _2eng |
||
| 084 |
_aB2893 L3 _qFMSL |
||
| 100 |
_aSpurr W A _9739892 |
||
| 245 | 0 |
_aStatistical analysis for business decesions _cSpurr W A |
|
| 260 |
_aNew Delhi _bNew Delhi, Richard Irwin _c1973 |
||
| 300 | _a724p | ||
| 942 |
_cTB _hB2893 L3 |
||
| 999 |
_c1282142 _d1282142 |
||